000 00529nam a2200181Ia 4500
008 240729s9999 xx 000 0 und d
022 _a2309-3854
245 0 _aJournal of Bioresource Management
260 _aUnited States
260 _bWright State University
650 _a Biology (General)
650 _a Ecology
650 _a Environmental sciences | Science
650 _aGeography. Anthropology. Recreation
856 _uhttps://doaj.org/toc/08423a75130941acb6edd297d3035a35
942 _2ddc
942 _cDOAJEJ
999 _c68885
_d68885
945 _a1
_bMadushi Gamage
_c1
_dMadushi Gamage